Communes au nom commun - Mort Subite #5 - Statistiques

Statistiques générales
  • Ce quiz a été pris 26 fois
  • Le résultat moyen est 10 sur 20
Answers on the Grid
Answers color-coded by a green-red scale on the quiz's grid according to % correct below.
Joyeux
Joyeuse
Plaisir
Soupir
Tendu
Vif
Vitreux
Aubaine
Crevant
Doux
Douillet
Épineuse
Espère
Forcé
Frais
Grand
Grasse
Gras
Lourde
Moussé
Sarcastique
Émotionnel
Colériques
Adoration
Regrettablement
Dommage
Trahi
Ulcérée
Grincheux
Riquiqui
 
Statistiques - réponses
Réponse % Correct
Alpes-Maritimes (06) Grasse
88%
Isère (38) Vif
76%
Haute-Garonne (31) Lourde
72%
Yvelines (78) Plaisir
72%
Côte-d'Or (21) Aubaine
60%
Jura (39) Vitreux
60%
Ardennes (08) / Deux-Sèvres (79) Doux
56%
Vosges (88) Grand
56%
Ardèche (07) Gras
52%
Territoire de Belfort (90) Frais
48%
Ille-et-Vilaine (35) Moussé
48%
Lot (46) Espère
44%
Aisne (02) Soupir
44%
Indre (36) Crevant
40%
Sarthe (72) Douillet
40%
Mayenne (53) Forcé
40%
Ardèche (07) Joyeuse
36%
Indre (36) Tendu
36%
Ain (01) Joyeux
28%
Oise (60) Épineuse
24%
Aucun quiz correspondant
Distribution des résultats
% des personnes avec chaque résultat
Percentile par nombre de réponses
Votre historique - résultats
Vous n’avez pas pris ce quiz